LEADER 01118nam a2200253 i 4500 001 000000161722 003 CaOOAMICUS 005 20221215123552.0 008 070528s1962 it u000 u ita u 040 $aSeMil$bita 100 1 $aFromm, Erich,$d<1900-1980>.$0(OLS)http://semarc/name/17422 245 13$aIl linguaggio dimenticato :$bintroduzione alla comprensione dei sogni, delle fiabe e dei miti /$cErich Fromm. 250 $a2. Ed. 264 1$aMilano :$bBompiani,$c1962. 300 $a248 p. ;$c19 cm. 490 1 $aI satelliti Bompiani ;$v4 650 4$aMito - Interpretazione.$0(OLS)http://semarc/subject/53237 650 4$aSogno - Interpretazione.$0(OLS)http://semarc/subject/8577 830 2$aI satelliti Bompiani ;$v4.$0(OLS)http://semarc/title/7396 850 $aSeMil 852 $aSeMil$W1$xVenegono$y1$m1R I 34$j239283$B113099$CSeMilBibl$Z2$F123610 $81 996 $6245$aIl linguaggio dimenticato :$bintroduzione alla comprensione dei sogni, delle fiabe e dei miti$9(OLS)http://semarc/title/144979 996 $6264$aMilano :$bBompiani$9(OLS)http://semarc/publisher/29706 LEADER 00655nam a2200169 4500 001 000000366031 003 CaOOAMICUS 005 20260113124307.0 008 260113s1976 it 000 u ita r 040 $aSeMil$bita 245 10$a[Tempo di Quaresima e Pasqua]. 300 $aP. 271-525 ;$c30 cm 773 0 $aChiesa Cattolica$tLezionario Ambrosiano.$dMilano : Centro Ambrosiano di Documentazione e Studi Religiosi, 1976.$g1$w()366028 850 $aSeMil 852 $aSeMil$W1$xVenegono$y1$m3KK V 11/2$j266031$B256803$CSeMilBibl$Z2$F256803 $8I 996 $6245$a[Tempo di Quaresima e Pasqua]$9(OLS)http://semarc/title/457710